Thomas and Friends - Season 10 Episodes - Statistics

General Stats
  • This quiz has been taken 18 times
  • The average score is 9 of 28
Answer Stats
Episode # Episode Title % Correct
2 A Smooth Ride
100%
1 Follow That Flour
100%
6 Duncan Drops a Clanger
67%
5 The Green Controller
67%
3 Thomas and the Jet Plane
67%
17 Big Strong Henry
33%
24 Duncan's Bluff
33%
13 Edward Strikes Out
33%
21 Emily and the Special Coaches
33%
9 It's Good to Be Gordon
33%
27 James the Second Best
33%
4 Percy and the Funfair
33%
10 Seeing the Sights
33%
18 Sticky Toffee Thomas
33%
28 Thomas and Skarloey's Big Day Out
33%
16 Thomas and the Shooting Star
33%
26 Thomas and the Treasure
33%
7 Thomas' Tricky Tree
33%
8 Toby's Afternoon Off
33%
11 Fearless Freddie
0%
25 Missing Trucks
0%
23 Thomas and the Birthday Mail
0%
22 Thomas and the Colours
0%
20 Thomas' Frosty Friend
0%
12 Toby's New Shed
0%
14 Topped Off Thomas
0%
19 Wharf and Peace
0%
15 Which Way Now?
0%
No matching quizzes found
Score Distribution
Percent of People with Each Score
Percentile by Number Answered
Your Score History
You have not taken this quiz